• 首页
  • 本馆介绍
  • 公告通知
  • 最新文献
  • 馆藏检索
  • 电子资源
  • 读者导购
  • 参考咨询
  • 我的图书馆
  • 登录
  • 详细信息显示
  • 放入我的书架
  • 预约/预借图书
  • 作者相关作品
  • 分类相关作品
  • 丛书相关作品
  • 出版社相关作品

书目信息

  • 表格格式
  • 工作单格式
  • 卡片格式
题名:
我问未来
    
 
作者: 曹伦华 著
分册:  
出版信息: 福州   福建教育出版社  2014
页数: 251页
开本: 24cm
丛书名: 人民教育家文库
单 册:
中图分类: G4
科图分类:
主题词: 教育工作
电子资源:
ISBN: 978-7-5334-6587-2
000 00776nam0 2200241 450
001 250
005 20180520202037.36
010    @a978-7-5334-6587-2@dCNY36.00
100    @a20150712d2014 em y0chiy50 ea
101 0  @achi
102    @aCN@b350000
105    @aa z 000yy
200 1  @a我问未来@9wo wen wei lai@e苏州外国语学校博慧教育实践报告@f曹伦华著
210    @a福州@c福建教育出版社@d2014
215    @a251页@c照片@d24cm
225 1  @a人民教育家文库
330    @a本书共有六章,包括:海纳博取,拓展国际视野;积淀传承,立足民族根基;融汇浸濡,凸显核心优势;精雅灵动,追寻教育创新等。
461  0 @12001 @a人民教育家文库
606 0  @a教育工作
690    @aG4@v5
701  0 @a曹伦华@9cao lun hua@f(1958-)@4著
801  0 @aCN@b91MARC@c20150712
905    @aMuseLib@dG4@e208
    
    我问未来:苏州外国语学校博慧教育实践报告/曹伦华著.-福州:福建教育出版社,2014
    251页:照片;24cm.-(人民教育家文库)
    
    
    ISBN 978-7-5334-6587-2:CNY36.00
    本书共有六章,包括:海纳博取,拓展国际视野;积淀传承,立足民族根基;融汇浸濡,凸显核心优势;精雅灵动,追寻教育创新等。
●
相关链接 在E读中查询图书 在五车中查询图书 在当当中查询图书 在豆瓣中查询图书


正题名:我问未来     索取号:G4/208         预约/预借

序号 登录号 条形码 馆藏地/架位号 状态 备注
1 1101438   211014383   第一样本阅览室/ [索取号:G4/208] 在馆    
2 1101439   211014392   教育系资料室/ [索取号:G4/208] 在馆    
3 1101440   211014409   教育系资料室/ [索取号:G4/208] 在馆    
4 1101441   211014418   教育系资料室/ [索取号:G4/208] 在馆    
5 1101442   211014427   第四借阅区/ [索取号:G4/208] 在馆    
6 1101443   211014436   第四借阅区/ [索取号:G4/208] 在馆    
唐山师范学院图书馆 欢迎您!
大连网信软件有限公司© 版权所有